Musicians Who Became Actors - Statistics

General Stats
  • This quiz has been taken 137 times
  • The average score is 11 of 15
Answer Stats
Song Movie or TV Series Answer % Correct
Like a Virgin Evita Madonna
98%
Hound Dog Blue Hawaii Elvis Presley
93%
Gettin' Jiggy Wit It Men in Black Will Smith
93%
Space Oddity Labyrinth David Bowie
92%
Jenny From the Block Gigli Jennifer Lopez
86%
I Got You Babe Moonstruck Cher
85%
My Way The Manchurian Candidate Frank Sinatra
84%
SexyBack The Social Network Justin Timberlake
81%
Cop Killer Law & Order: Special Victims Unit Ice-T
78%
Tribute School of Rock Jack Black
71%
Check Yo Self Friday Ice Cube
55%
Good Vibrations Boogie Nights Mark Wahlberg
51%
Mama Said Knock You Out NCIS: Los Angeles LL Cool J
38%
Ladies First Bringing Down the House Queen Latifah
30%
Finally Out of P.E. Captain Marvel Brie Larson
25%
No matching quizzes found
Score Distribution
Percent of People with Each Score
Percentile by Number Answered
Your Score History
You have not taken this quiz